000 00709cam a22002054a 4500
005 20250605164057.0
008 250528s ||||||||||||||||||||||||d
035 _a17499
020 _a9178100755
040 _aGR-AtMCL
_bgre
_dGR-AtMCL
_eAACR2
245 1 _aArbitration in Sweden
250 _a2nd
260 _c1984
300 _a280
520 _aIntroduction, International Aspects and State Attitudes, The Arbitration Agreement, The Arbitration Proceedings, Void and Challengeable Awards, Enforcement of Swedish Awards, Enforcement of Foreign Awards, Appendices, Table of Cases, Index.
710 2 _aStockholm Chamber Of Commerce
_99744
942 _cBK
999 _c2907
_d2907